| 000 | 00941nam a2200253 a 4500 | ||
|---|---|---|---|
| 001 | 093539 | ||
| 003 | BD-ChCU | ||
| 005 | 20230204170226.0 | ||
| 008 | 2016s2016 abg b 006 ben | ||
| 020 | _a৯৭৮ ৯৮৪ ৩৩ ৯৯৪৬ ৫ | ||
| 040 |
_aDLC _cDLC _dBD-ChCU |
||
| 082 | 0 | 0 | _a৩৭০.১/নাজ৫৩শি |
| 100 | 1 |
_aনাজনীন, সুলতানা । _c |
|
| 245 | 0 | 0 |
_aশিক্ষাবিজ্ঞান _c _cসুলতানা নাজনীন |
| 246 | 0 | 0 |
_aShikhabighan _c _cSultana Naznin |
| 250 | _aসং | ||
| 260 |
_aরাজশাহী _cফারহান বিনতে সুফি _c২০১৬ |
||
| 300 | _a২৩৪পৃ: | ||
| 504 | _aIncludes index and bibliograpy(P220-225). | ||
| 650 | 0 |
_aশিক্ষাবিজ্ঞান । _cশিক্ষাবিজ্ঞান । |
|
| 650 | _aShikhabighan | ||
| 700 | 1 | _a | |
| 942 |
_2ddc _cBK |
||
| 999 |
_c93539 _d93539 |
||